=LDR 00000nam 2200000 4500 =001 000494 =005 20250710101141 =035 ##$$a 0010-0725000356 =007 ta =008 250710################a##########0#ind## =020 ##$$a 978-623-118-817-5 =082 ##$$a 398.209 598 =084 ##$$a 398.209 598 ERM b =100 #$$a Erminawati =245 1#$$a Batu Apa Itu? /$c Erminawati =250 ##$$a Cetakan Kedua =260 ##$$a Jakarta :$b Kementerian Pendidikan, Kebudayaan, Riset, dan Teknologi,$c 2024 =300 ##$$a 28 hlm. : $b ilus. ; $c 21 x 29,7 cm =650 #4$$a Cerita Anak-Indonesia =650 #4$$a Kesusatraan Anak =856 ##$$a TBM As Suhada =990 ##$$a TBM02470247